Nalaganje...
Vedic leguminous plants: medicinal and microbiological study
| Glavni avtor: | |
|---|---|
| Format: | Printed Book |
| Izdano: |
New Delhi, Classical Publishing Company
1997 |
| Teme: |
| LEADER | 005820000a22001930004500 | ||
|---|---|---|---|
| 020 | |a 817054=2497 | ||
| 041 | |a Malayalam | ||
| 082 | |a 576 N7 | ||
| 100 | |a Salini |9 127120 | ||
| 245 | |a Vedic leguminous plants: medicinal and microbiological study | ||
| 260 | |a New Delhi, Classical Publishing Company | ||
| 260 | |a 1997 | ||
| 465 | |a R 250 | ||
| 650 | |a Medicinal |9 127121 | ||
| 650 | |a Micro biological |9 127122 | ||
| 650 | |a Vedic Leguminous Plants |9 127123 | ||
| 942 | |c BK | ||
| 999 | |c 170461 |d 170457 | ||
| 952 | |0 0 |1 0 |4 0 |7 0 |9 168860 |a SPS |b SPS |d 2019-04-16 |l 0 |p SPS04300 |r 2019-04-16 |w 2019-04-16 |y BK | ||